000 00472nam a2200181Ia 4500
001 12278
005 20260306162929.0
008 260306t2021||||xx |||||||||||||| ||spa||
041 _aESP
082 _aHR 344
_bDIC 2021 AP
110 _aInstituto PacĂ­fico
245 0 _aActualidad penal :
_bpenal - procesal penal - penitenciario - criminologĂ­a
260 _c2021
300 _a283 hojas :
_c25 cm.
650 _aGEN
654 _aCDE
942 _cREV
_dJUS
_fJUS
_2ddc
_n
999 _c12278
_d12278